| 000 | 01303cam a22002895a 4500 | ||
|---|---|---|---|
| 001 | 18189964 | ||
| 005 | 20160221152931.0 | ||
| 008 | 140612t2016 maua frbd 001 0 eng d | ||
| 020 | _a9781284035667 (pbk) | ||
| 020 | _a9781284025705 | ||
| 035 | _a(DNLM)101634671 | ||
| 040 |
_aDNLM/DLC _cDLC _dDLC _dEG-ScBUE _beng |
||
| 082 | 0 | 4 |
_a615.14076 _222 _bAGA |
| 100 | 1 |
_aAgarwal, Payal, _d1979- _939399 |
|
| 245 | 1 | 0 |
_aPharmaceutical calculations / _cPayal Agarwal. |
| 260 |
_aBurlington : _bJones & Bartlett Learning, _cc.2016. |
||
| 300 |
_axxv, 322 p. : _bill. ; _c28 cm. |
||
| 500 | _aGlossary : p. 315-318. | ||
| 500 | _aIndex : p. 319-322. | ||
| 500 | _aNavigate 2 advantage access for pharmaceutical calculations. | ||
| 504 | _aIncludes bibliographical references. | ||
| 505 | 0 | _aReview of basic math fundamentals -- Prescriptions and medication orders -- Basics of pharmaceutical measurement -- Calculations for non-sterile pharmaceutical liquids -- Calculations for sterile pharmaceutical liquids -- Calculations for pharmaceutical solid dosage forms -- Semi-solid dosage forms -- Calculations involving special populations -- Biologics -- Units of radioactivity. | |
| 650 | 7 |
_aPharmaceutical arithmetic. _936715 _2BUEsh |
|
| 651 | _2BUEsh | ||
| 653 |
_bPPhrm _cFebruary2016 |
||
| 942 | _2ddc | ||
| 999 |
_c21202 _d21174 |
||